Hurricanes and tornadoes (Record no. 2960)

MARC details
000 -LEADER
fixed length control field 00885nam a22002897a 4500
001 - CONTROL NUMBER
control field 2960
003 - CONTROL NUMBER IDENTIFIER
control field FISKH
005 - DATE AND TIME OF LATEST TRANSACTION
control field 20250825134707.0
008 - FIXED-LENGTH DATA ELEMENTS--GENERAL INFORMATION
fixed length control field 240125b cb ||||| |||| 00| 0 eng d
020 ## - INTERNATIONAL STANDARD BOOK NUMBER
International Standard Book Number 9780545072298
040 ## - CATALOGING SOURCE
Original cataloging agency FISKH
Language of cataloging eng
Transcribing agency FISKH
Modifying agency FISKH
050 ## - LIBRARY OF CONGRESS CALL NUMBER
Classification number LB1573.7
082 ## - DEWEY DECIMAL CLASSIFICATION NUMBER
Classification number 551.552
100 ## - MAIN ENTRY--PERSONAL NAME
Personal name Waters, Kate
245 ## - TITLE STATEMENT
Title Hurricanes and tornadoes
Statement of responsibility, etc. by Waters, Kate
250 ## - EDITION STATEMENT
Edition statement First printing , September 2008
260 ## - PUBLICATION, DISTRIBUTION, ETC.
Place of publication, distribution, etc. New York :
Name of publisher, distributor, etc. Scholastic ,
Date of publication, distribution, etc. 2008
300 ## - PHYSICAL DESCRIPTION
Extent 32 unnumbered pages :
Other physical details color illustrations ;
Dimensions 24 cm .
505 ## - FORMATTED CONTENTS NOTE
Formatted contents note N <br/>
520 ## - SUMMARY, ETC.
Summary, etc. Different types of hurricanes and tornadoes, their histories, and effects on humans.
521 8# - TARGET AUDIENCE NOTE
Target audience note 590 <br/>
Source Lexile <br/>
521 8# - TARGET AUDIENCE NOTE
Target audience note N <br/>
Source Raz-Plus <br/>
600 ## - SUBJECT ADDED ENTRY--PERSONAL NAME
Source of heading or term hurricanes
Form subdivision non-fiction
610 ## - SUBJECT ADDED ENTRY--CORPORATE NAME
Source of heading or term tornadoes
Form subdivision non-fiction
700 ## - ADDED ENTRY--PERSONAL NAME
Personal name Peronio, Kay
Relator term Designer
942 ## - ADDED ENTRY ELEMENTS (KOHA)
Source of classification or shelving scheme Dewey Decimal Classification
Koha item type Books
Suppress in OPAC No
Holdings
Withdrawn status Lost status Source of classification or shelving scheme Damaged status Not for loan Collection Home library Current library Shelving location Date acquired Total Checkouts Full call number Barcode Date last seen Date last checked out Price effective from Koha item type Copy number
    Dewey Decimal Classification     Non-Fiction Footprints International School Library Network Toul Tom Poung Campus Footprints International School Library Network Toul Tom Poung Campus TTP Primary Yellow Bookshelves 01/25/2024 2 WAT 551.552 LB1573.7 FISTK00816 09/18/2024 09/04/2024 01/25/2024 Books  
    Dewey Decimal Classification     Non-Fiction Footprints International School Library Network Toul Tom Poung Campus Footprints International School Library Network Toul Tom Poung Campus TTP Primary Yellow Bookshelves 07/09/2025 2 WAT 551.552 LB1573.7 FISBK02773 11/12/2025 10/22/2025 07/09/2025 Books 2
    Dewey Decimal Classification     Non-Fiction Footprints International School Library Network Toul Tom Poung Campus Footprints International School Library Network Toul Tom Poung Campus TTP Primary Yellow Bookshelves 08/25/2025   WAT 551.552 LB1573.7 FIS01266 08/25/2025   08/25/2025 Books 3